[Event "Quebec-ch op"]
[Site "Montreal"]
[Date "2016.07.24"]
[Round "3"]
[White "Saha, Ananda"]
[Black "Johnson, Nicholas"]
[Result "1-0"]
[WhiteElo "1861"]
[BlackElo "1992"]
[PlyCount "73"]
[EventDate "2016.07.23"]
[EventType "swiss"]
[EventRounds "8"]
[EventCountry "CAN"]
[SourceTitle "CBM 173 Extra"]
[Source "ChessBase"]
[SourceDate "2016.08.29"]
[SourceVersion "1"]
[SourceVersionDate "2016.08.29"]
[SourceQuality "1"]

1. d4 e6 2. c4 f5 3. g3 Nf6 4. Bg2 d5 5. Nf3 c6 6. 0-0 Bd6 7. Nbd2 0-0 8. b3 Bd7 9. Bb2 Be8 10. e3 Bh5 11. Qc2 Bxf3 12. Nxf3 Ne4 13. Ne5 Nd7 14. f3 Ng5 15. Nxd7 Qxd7 16. Rae1 Qc7 17. Re2 b6 18. Bc3 h5 19. Be1 Rf6 20. Bf2 Rh6 21. e4 f4 22. e5 fxg3 23. hxg3 Be7 24. f4 Nf7 25. cxd5 exd5 26. Bxd5 Qd7 27. Bxf7+ Kxf7 28. f5 Qd5 29. Be3 Rhh8 30. f6 gxf6 31. exf6 Bd6 32. Rf5 Qe6 33. Bh6 Qd7 34. Bg7 Rhe8 35. Rg5 Rxe2 36. Qg6+ Kg8 37. Bf8+ 1-0

[Event "North American-ch U14"]
[Site "Montreal"]
[Date "2010.08.18"]
[Round "5"]
[White "Kalra, Agastya"]
[Black "Johnson, Nicholas"]
[Result "0-1"]
[WhiteElo "1776"]
[BlackElo "1317"]
[PlyCount "60"]
[EventDate "2010.08.16"]
[EventType "swiss"]
[EventRounds "7"]
[EventCountry "CAN"]
[SourceTitle "EXT 2013"]
[Source "ChessBase"]
[SourceDate "2012.11.22"]
[SourceVersion "1"]
[SourceVersionDate "2012.11.22"]
[SourceQuality "1"]

1. e4 c5 2. Nf3 d6 3. d4 cxd4 4. Nxd4 Nf6 5. Nc3 Nc6 6. Bg5 e6 7. Qd2 h6 8. Bh4 Nxe4 9. Bxd8 Nxd2 10. Bb5 Kxd8 11. Nxc6+ bxc6 12. Bxc6 Rb8 13. Kxd2 Rxb2 14. Rhb1 Rxb1 15. Rxb1 Kc7 16. Be8 Be7 17. Ba4 Bg5+ 18. Ke1 a6 19. Bb3 Bb7 20. f3 Rb8 21. Ne4 Bxe4 22. fxe4 Rb4 23. c4 a5 24. a3 Rb6 25. Kd1 Rc6 26. Ba2 Rc5 27. a4 Re5 28. Rb5 Rxe4 29. Rxa5 Rd4+ 30. Ke1 Bd2+ 0-1

[Event "North American-ch U14"]
[Site "Montreal"]
[Date "2010.08.16"]
[Round "1"]
[White "Jafarov, Amin"]
[Black "Johnson, Nicholas"]
[Result "0-1"]
[WhiteElo "875"]
[BlackElo "1317"]
[PlyCount "132"]
[EventDate "2010.08.16"]
[EventType "swiss"]
[EventRounds "7"]
[EventCountry "CAN"]
[SourceTitle "EXT 2013"]
[Source "ChessBase"]
[SourceDate "2012.11.22"]
[SourceVersion "1"]
[SourceVersionDate "2012.11.22"]
[SourceQuality "1"]

1. e4 c5 2. Nf3 d6 3. d4 cxd4 4. Qxd4 Nc6 5. Bb5 Bd7 6. Bxc6 Bxc6 7. 0-0 Rc8 8. Nc3 Nf6 9. Qd3 g6 10. Bg5 Bg7 11. Rab1 0-0 12. Rfd1 h6 13. Bxf6 Bxf6 14. Nd5 Bxd5 15. exd5 Qb6 16. c3 Rc7 17. Re1 Rfc8 18. Qe3 Qxe3 19. Rxe3 b5 20. a3 a5 21. Nd2 b4 22. c4 Bg5 23. Re2 Bxd2 24. Rxd2 Rxc4 25. f3 Rc1+ 26. Rxc1 Rxc1+ 27. Kf2 bxa3 28. bxa3 Rc3 29. a4 Rc4 30. Ra2 e6 31. dxe6 fxe6 32. Ke3 Kf7 33. Kd3 Rb4 34. Kc3 Kf6 35. Rd2 Ke5 36. Re2+ Kf5 37. Rd2 Rxa4 38. Rxd6 Ra2 39. g4+ Ke5 40. Ra6 a4 41. Kb4 g5 42. Rxa4 Rxa4+ 43. Kxa4 Kf4 44. Kb3 Kxf3 45. h3 Kg3 46. Kc3 Kxh3 47. Kd3 Kxg4 48. Ke2 Kg3 49. Kf1 h5 50. Kg1 e5 51. Kf1 h4 52. Ke2 h3 53. Ke3 h2 54. Ke4 h1Q+ 55. Kxe5 Qf3 56. Kd4 Qf5 57. Ke3 Qf4+ 58. Kd3 Qe5 59. Kc4 Qd6 60. Kb5 Qc7 61. Ka6 Qb8 62. Ka5 Kf4 63. Ka6 Ke5 64. Ka5 Kd5 65. Ka4 Kc4 66. Ka5 Qb5# 0-1

[Event "Quebec-ch U12"]
[Site "Montreal"]
[Date "2009.11.27"]
[Round "1"]
[White "Smirnov, Arteme"]
[Black "Johnson, Nicholas"]
[Result "0-1"]
[WhiteElo "1272"]
[BlackElo "1666"]
[PlyCount "58"]
[EventDate "2009.11.27"]
[EventType "swiss"]
[EventRounds "5"]
[EventCountry "CAN"]
[SourceTitle "EXT 2011"]
[Source "ChessBase"]
[SourceDate "2010.11.26"]
[SourceVersion "1"]
[SourceVersionDate "2010.11.26"]
[SourceQuality "1"]

1. e4 e5 2. Nf3 Nc6 3. Bc4 Nf6 4. Nc3 Nxe4 5. Nxe4 d5 6. Bd3 dxe4 7. Bxe4 Bg4 8. h3 Bh5 9. g4 Bg6 10. Bxc6+ bxc6 11. d3 e4 12. Ne5 Qd6 13. Bf4 Qb4+ 14. Bd2 Qxb2 15. Nxg6 hxg6 16. dxe4 Rd8 17. Qc1 Qd4 18. f3 Bb4 19. Bxb4 Qxb4+ 20. Ke2 Qc4+ 21. Ke3 Qd4+ 22. Ke2 f6 23. c3 Qd3+ 24. Ke1 Qxf3 25. Rh2 Qg3+ 26. Rf2 Rxh3 27. Ke2 Qd3+ 28. Ke1 Rh1+ 29. Rf1 Rxf1# 0-1